| 000 | 01715cam a22003138a 4500 | ||
|---|---|---|---|
| 001 | 15975890 | ||
| 005 | 20130211114849.0 | ||
| 008 | 091106s2010 nyu |rb 001 0 eng | ||
| 010 | _a 2009046808 | ||
| 020 | _a9780199548866 (pbk.) | ||
| 040 |
_aDLC _cDLC |
||
| 050 | 0 | 0 |
_aJZ1305 _b.I565 2009 |
| 082 | 0 | 0 |
_a327.101 _222 _bREL |
| 245 | 0 | 0 |
_aInternational Relations Theories : _bDiscipline and Diversity / _cEedited by Tim Dunne, Milja Kurki, Steve Smith. |
| 250 | _a2nd ed. | ||
| 260 |
_aNew York : _bOxford University Press, 2010 _c2010 |
||
| 263 | _a0912 | ||
| 300 |
_a365 p.; _c23 cm. |
||
| 504 | _aIncludes bibliographical references(p.324-341) and index. | ||
| 505 | 8 | _aMachine generated contents note: -- Introduction, Steve Smith -- 1. International Relations and Social Science, Milja Kurki -- 2. Normative International Relations Theory (NEW), Toni Erskine -- 3. Classical Realism, Richard Ned Lebow -- 4. Structural Realism, John Mearsheimer -- 5. Liberalism, Bruce Russett -- 6. Neoliberalism, Jennifer Sterling-Folker -- 7. English School, Tim Dunne -- 8. Marxism and Critical Theory, Mark Rupert -- 9. Constructivism, Karin Fierke -- 10. Feminism, J. Ann Tickner -- 11. Poststructuralism, David Campbell -- 12. Postcolonialism, Siba Grovogui -- 13. Green Theory, Robyn Eckersley -- 14. Globalisation Theory, Colin Hay -- Conclusion, Ole Waever. | |
| 650 | 0 |
_aInternational relations. _912296 |
|
| 650 | 0 |
_aInternational relations _xResearch. _912297 |
|
| 653 |
_bPol _cFebruary2013 |
||
| 700 | 1 |
_aDunne, Timothy, _d1965- _912298 |
|
| 700 | 1 |
_aKurki, Milja. _912299 |
|
| 700 | 1 |
_aSmith, Steve, _d1952- _912300 |
|
| 942 |
_2ddc _cNB |
||
| 999 |
_c13592 _d13592 |
||